Gesammelte abhandlungen zur Amerikanischen Sprach- und Alterthumskunde (Record no. 9911)

MARC details
000 -CABECERA
campo de control de longitud fija 01262nam a2200253 a 4500
001 - NÚMERO DE CONTROL
campo de control BRL_1099
005 - FECHA Y HORA DE LA ÚLTIMA TRANSACCIÓN
campo de control 20190320211032.0
008 - DATOS DE LONGITUD FIJA--INFORMACIÓN GENERAL
campo de control de longitud fija 111113m19141923gw-a######---#000-0#ger-#
041 ## - CÓDIGO DE LENGUA
Código de lengua del texto/banda sonora o título independiente ger
044 ## - CÓDIGO DEL PAÍS DE LA ENTIDAD EDITORA/PRODUCTORA
Código MARC del país gw
050 #4 - SIGNATURA TOPOGRÁFICA DE LA BIBLIOTECA DEL CONGRESO
Número de clasificación F1219
Número de documento/Ítem .S45 1914
100 1# - ENTRADA PRINCIPAL--NOMBRE DE PERSONA
Nombre de persona Seler, Eduard
Fechas asociadas al nombre 1849-1922
9 (RLIN) 5287
245 10 - MENCIÓN DE TÍTULO
Título Gesammelte abhandlungen zur Amerikanischen Sprach- und Alterthumskunde
Mención de responsabilidad, etc. von Eduard Seler.
260 ## - PUBLICACIÓN, DISTRIBUCIÓN, ETC.
Lugar de publicación, distribución, etc. Berlin
Nombre del editor, distribuidor, etc. Behrend
Fecha de publicación, distribución, etc. 1914-1923
300 ## - DESCRIPCIÓN FÍSICA
Extensión v.
Otras características físicas il.
Dimensiones 28 cm.
500 ## - NOTA GENERAL
Nota general v.4 Au1272; v.5 Au1273; v.6 Au5
500 ## - NOTA GENERAL
Nota general La biblioteca cuenta con los volumnes 4,5 y 6.
505 0# - NOTA DE CONTENIDO CON FORMATO
Nota de contenido con formato Contenido: v.4 Mythus und religion der alten Mexikaner. Die buntbemalten gefabe von Nasca im südlichen Perú und die Hauptelemente ihrer Verzierung. Kleinere Aufsatze und Vortrage. Bruchstücke einer allgemeinverstandlichen Darstellung des Landes Mexiko, seiner Bevolkerung und seiner entdeckungsgeschichte. - v.5 Aus Nord-und Südamerika. Weitere Beitrage zur Alterthumskunde México´s und der Maya-Lander. - v.6 wort-und sachregister zum ersten, zweiten und dritten Bande.
650 14 - PUNTO DE ACCESO ADICIONAL DE MATERIA--TÉRMINO DE MATERIA
Término de materia o nombre geográfico como elemento de entrada Indígenas de México
Subdivisión general Antigüedades
9 (RLIN) 509
650 14 - PUNTO DE ACCESO ADICIONAL DE MATERIA--TÉRMINO DE MATERIA
Término de materia o nombre geográfico como elemento de entrada Indígenas de México
Subdivisión general Lenguajes
9 (RLIN) 25791
651 #4 - PUNTO DE ACCESO ADICIONAL DE MATERIA--NOMBRE GEOGRÁFICO
Nombre geográfico México
Subdivisión general Antigüedades
9 (RLIN) 2765
902 ## - CATALOGADOR
Iniciales GRL
942 ## - ELEMENTOS DE PUNTO DE ACCESO ADICIONAL (KOHA)
Fuente del sistema de clasificación o colocación Library of Congress Classification
Tipo de ítem Koha Libros
Holdings
Estado de retiro Estado de pérdida Estado dañado No para préstamo Localización permanente Ubicación/localización actual Fecha de adquisición Total de préstamos Signatura topográfica completa Código de barras Fecha visto por última vez Precio válido a partir de Tipo de ítem Koha
El ejemplar forma parte de la colección y puede ser consultado según las políticas vigentes.       Biblioteca Centro de Estudios Ruth D. Lechuga Biblioteca Centro de Estudios Ruth D. Lechuga 11/11/2013   F1219 .S45 1914 GRL01201 22/03/2019 22/03/2019 Libros
El ejemplar forma parte de la colección y puede ser consultado según las políticas vigentes.       Biblioteca Centro de Estudios Ruth D. Lechuga Biblioteca Centro de Estudios Ruth D. Lechuga 19/10/2015   F1219 .S45 1914 GRL01202 22/03/2019 22/03/2019 Libros
El ejemplar forma parte de la colección y puede ser consultado según las políticas vigentes.       Biblioteca Centro de Estudios Ruth D. Lechuga Biblioteca Centro de Estudios Ruth D. Lechuga 19/10/2015   F1219 .S45 1914 GRL01203 22/03/2019 22/03/2019 Libros